000 02907nam a22002777a 4500
008 250407b |||||||| |||| 00| 0 eng d
020 _a9783836506007
040 _ctbs
041 _aspa
041 _hger
050 _aN6494 .P6
_bH6618 2004
100 _aHonnef, Klaus
_925114
_eauthor
245 _aPop art
_c/ Klaus Honnef ; edited by Uta Grosenick ; translated by Mariona Gratacòs.
260 _aCologne :
_bTaschen,
_c2015.
300 _a95 pages :
_billustrations (some color) ;
_c27 cm.
490 _aBasic art series 2.0
520 _aAlcanzando su apogeo en la década de 1960, el Arte Pop comenzó como una revuelta contra los enfoques tradicionales del arte y la cultura, y evolucionó hacia una interrogación total de la sociedad moderna, la cultura del consumo y el papel del artista y la obra de arte. Centrándose en temas como el materialismo, la celebridad y los medios de comunicación, el Arte Pop se inspiró en fuentes del mercado masivo, desde la publicidad y los cómics hasta las caras más famosas de Hollywood y los empaques de productos de consumo, estos últimos ejemplificados por las latas de sopa Campbell de Andy Warhol. Además de desafiar al establecimiento al elevar imágenes populares, banales y kitsch, el Arte Pop también adoptó métodos de producción en masa, reduciendo el papel del artista individual mediante técnicas mecanizadas como la serigrafía. Con artistas destacados como Andy Warhol, Allan Jones, Ed Ruscha, Robert Indiana, Jasper Johns, Robert Rauschenberg y Roy Lichtenstein, este libro presenta todo el alcance e influencia de un movimiento modernista definitorio.
520 _aPeaking in the 1960s, Pop Art began as a revolt against mainstream approaches to art and culture and evolved into a wholesale interrogation of modern society, consumer culture, and the role of the artist and artwork. Focusing on issues of materialism, celebrity, and media, Pop Art drew on mass-market sources, from advertising imagery to comic books, from Hollywood's most famous faces to the packaging of consumer products, the latter epitomized by Andy Warhol's Campbell's soup cans. As well as challenging the establishment with the elevation of such popular, banal, and kitschy images, Pop Art also deployed methods of mass-production, reducing the role of the individual artist with mechanized techniques such as screen printing. With featured artists including Andy Warhol, Allan Jones, Ed Ruscha, Robert Indiana, Jasper Johns, Robert Rauschenberg, and Roy Lichtenstein, this book introduces the full reach and influence of a defining modernist movement.
650 0 _aPop art
_zUnited States
_925115
650 0 _aPop art
_zGreat Britain
_925116
650 0 _aPop art
_zEurope
_925117
650 0 _aArt, American
_y20th century
_925118
700 _aGrosenick, Uta
_925119
_eeditor
700 _aGratacòs, Mariona
_925120
_etranslator
942 _2lcc
999 _c4627
_d4627